Výklad k novele zákona o štátnej službe
Dňa 15. marca 2002 schválila Národná rada SR zákon, ktorým sa mení a dopĺňa zákon č. 312/2001 Z.z. o štátnej službe a o zmene a doplnení niektorých zákonov. Novela zákona je uverejnená v Zbierke zákonov pod č. 143/2002 Z.z. Výklad k novele zákona o štátnej službe.
Saved in:
| Main Author: | |
|---|---|
| Other Authors: | |
| Format: | Book Chapter |
| Language: | Slovak |
| Subjects: | |
| Tags: |
No Tags, Be the first to tag this record!
|
MARC
| LEADER | 00000naa a2200000 4500 | ||
|---|---|---|---|
| 001 | r045327 | ||
| 005 | 20231002090610.9 | ||
| 041 | 0 | |a slo | |
| 044 | |a SK | ||
| 245 | 1 | 0 | |a Výklad k novele zákona o štátnej službe |c Anna Vojnarová, Ružena Ješinová |
| 520 | |a Dňa 15. marca 2002 schválila Národná rada SR zákon, ktorým sa mení a dopĺňa zákon č. 312/2001 Z.z. o štátnej službe a o zmene a doplnení niektorých zákonov. Novela zákona je uverejnená v Zbierke zákonov pod č. 143/2002 Z.z. Výklad k novele zákona o štátnej službe. | ||
| 610 | 2 | 0 | |a služba štátna |
| 610 | 2 | 0 | |a zákony |
| 610 | 2 | 0 | |a novelizácia |
| 610 | 2 | 0 | |a Slovensko |
| 610 | 2 | 0 | |a komentáre |
| 610 | 2 | 0 | |a 2002 |
| 100 | 1 | |a Vojnárová, Anna | |
| 700 | 1 | |a Ješinová, Ružena | |